[Event "ch-CHN Women 2021"]
[Site "Xinghua CHN"]
[Date "2021.05.12"]
[Round "7.6"]
[White "Tan, Zhongyi"]
[Black "Xiao, Yiyi"]
[Result "1-0"]
[WhiteTitle "GM"]
[BlackTitle "WGM"]
[WhiteElo "2510"]
[BlackElo "2301"]
[WhiteFideId "8603642"]
[BlackFideId "8606161"]
[EventDate "2021.05.07"]

1. Nf3 d5 2. g3 g6 3. c4 c6 4. Qa4 dxc4 5. Qxc4 Bg7 6. Bg2 Nf6 7. O-O O-O 8. d4
Be6 9. Qa4 Nbd7 10. Nc3 Nb6 11. Qc2 Qc8 12. Rd1 Bh3 13. Bh1 Rd8 14. Ng5 Bd7 15.
Qb3 Be8 16. Bg2 Nfd5 17. a4 h6 18. Nf3 a5 19. e4 Nb4 20. Be3 Bd7 21. Rac1 Bg4
22. Ne2 Ra6 23. Nf4 g5 24. Nd3 Nxd3 25. Rxd3 Qe6 26. d5 cxd5 27. Nd4 Qg6 28. Nb5
Nd7 29. Qxd5 Rc6 30. Nc3 Ra8 31. h3 Be6 32. Qb5 Ne5 33. Rdd1 Rac8 34. Bd4 Bc4
35. Qxa5 Nd3 36. Rxd3 Bxd3 37. e5 R6c7 38. Rd1 Rd7 39. Be3 Qf5 40. Nd5 Bc4 41.
Rc1 Qxe5 42. Qb4 Rxd5 43. Bxd5 Qxd5 44. b3 Qd7 45. bxc4 Rc6 46. a5 Re6 47. Qb5
Qc7 48. Qe8+ Kh7 49. Bb6 Qe5 50. Qxf7 Rf6 51. Qd5 Qb2 52. Qe4+ Kg8 53. Rd1 e6
54. Rd8+ Bf8 55. Kg2 Qb4 56. Qxb7 Qxc4 57. a6 Rf7 58. Qa8 1-0

[Event "ch-CHN Women 2021"]
[Site "Xinghua CHN"]
[Date "2021.05.12"]
[Round "8.1"]
[White "Gu, Tianlu"]
[Black "Xiao, Yiyi"]
[Result "0-1"]
[WhiteTitle "WIM"]
[BlackTitle "WGM"]
[WhiteElo "2267"]
[BlackElo "2301"]
[WhiteFideId "8603995"]
[BlackFideId "8606161"]
[EventDate "2021.05.07"]

1. e4 Nf6 2. e5 Nd5 3. d4 d6 4. c4 Nb6 5. exd6 cxd6 6. Nc3 g6 7. Be3 Bg7 8. Rc1
O-O 9. b3 e5 10. dxe5 dxe5 11. Qxd8 Rxd8 12. c5 N6d7 13. Bc4 Nc6 14. Nd5 Nf6 15.
Nc7 Rb8 16. Nb5 Ne8 17. Nf3 h6 18. O-O Bg4 19. Nd2 a6 20. Nc3 Na5 21. f3 Nxc4
22. Nxc4 Be6 23. Nb6 f5 24. Rfd1 Nf6 25. b4 g5 26. a4 e4 27. Bd4 Bb3 28. Rd2 Nh5
29. Be3 f4 30. Rxd8+ Rxd8 31. Bf2 Bxc3 32. Rxc3 Rd1+ 33. Be1 Rxe1+ 34. Kf2 Rb1
35. fxe4 Nf6 36. Ke2 Nxe4 37. Rd3 Bd1+ 0-1

[Event "ch-CHN Women 2021"]
[Site "Xinghua CHN"]
[Date "2021.05.12"]
[Round "8.2"]
[White "Zhai, Mo"]
[Black "Tan, Zhongyi"]
[Result "0-1"]
[WhiteTitle "WGM"]
[BlackTitle "GM"]
[WhiteElo "2366"]
[BlackElo "2510"]
[WhiteFideId "8600201"]
[BlackFideId "8603642"]
[EventDate "2021.05.07"]

1. d4 g6 2. Nf3 Bg7 3. c3 Nf6 4. Bf4 O-O 5. e3 d6 6. h3 Nfd7 7. Bg3 e5 8. dxe5
dxe5 9. Na3 Nc6 10. Bb5 e4 11. Bxc6 bxc6 12. Nd4 Ba6 13. Nxc6 Qe8 14. Nb4 Bb7
15. Nb5 c5 16. Nc7 Qd8 17. Nc2 Rc8 18. Qd6 Nb6 19. O-O-O Qg5 20. Qf4 Qe7 21. Qd6
Qg5 22. h4 Qh5 23. Qe7 Nd5 24. Nxd5 Bxd5 25. a3 h6 26. Bf4 Be6 27. Rd2 a5 28.
Qb7 Rfd8 29. Rhd1 Rxd2 30. Rxd2 Qxh4 31. Qxe4 g5 32. g3 Qh3 33. Bd6 Qf1+ 34. Rd1
Qxf2 35. Qa4 Bf5 36. e4 Bg4 37. Re1 Rd8 38. Qc6 Bf8 39. Bxf8 Rd2 0-1

[Event "ch-CHN Women 2021"]
[Site "Xinghua CHN"]
[Date "2021.05.12"]
[Round "8.3"]
[White "Yuan, Ye"]
[Black "Song, Yuxin"]
[Result "1/2-1/2"]
[BlackTitle "WIM"]
[WhiteElo "2081"]
[BlackElo "2290"]
[WhiteFideId "8608415"]
[BlackFideId "8614300"]
[EventDate "2021.05.07"]

1. d4 Nf6 2. c4 e6 3. Nc3 Bb4 4. Qc2 d6 5. Bg5 O-O 6. e3 h6 7. Bh4 b6 8. Bd3 Bb7
9. f3 Nbd7 10. Ne2 c5 11. O-O cxd4 12. exd4 d5 13. cxd5 exd5 14. a3 Be7 15. Bf2
Re8 16. Ng3 a6 17. Nf5 Bf8 18. b4 b5 19. a4 Bxb4 20. Na2 Rc8 21. Qb2 Bf8 22.
axb5 axb5 23. Bxb5 Bc6 24. Bxc6 Rxc6 25. Rac1 Rb6 26. Qc2 Rbe6 27. Rfe1 Rxe1+
28. Rxe1 Rxe1+ 29. Bxe1 g6 30. Ng3 Qb6 31. Bf2 Bd6 32. Nc1 Nf8 33. Nd3 Ne6 34.
Ne2 Qc7 35. Qxc7 Nxc7 36. Bg3 Bxg3 37. Nxg3 Nb5 38. Ne2 Nd7 39. Nb4 Nb6 40. Nf4
Nc7 41. h4 Kg7 42. Kf2 g5 43. hxg5 hxg5 44. Ne2 f5 45. g3 Kf6 46. Ke3 Ke6 47.
Kd3 Kd6 48. Nc3 Ke6 49. Ke3 Nc4+ 50. Kd3 Nb2+ 51. Kc2 Nc4 52. Kd3 Nb2+ 53. Kc2
Nc4 1/2-1/2

[Event "ch-CHN Women 2021"]
[Site "Xinghua CHN"]
[Date "2021.05.12"]
[Round "8.4"]
[White "Ren, Xiaoyi"]
[Black "Gu, Xiaobing"]
[Result "1-0"]
[WhiteTitle "WIM"]
[BlackTitle "WGM"]
[WhiteElo "2267"]
[BlackElo "2263"]
[WhiteFideId "8608709"]
[BlackFideId "8602611"]
[EventDate "2021.05.07"]

1. d4 Nf6 2. c4 g6 3. Nc3 Bg7 4. Nf3 O-O 5. Bf4 d6 6. h3 b6 7. e4 Bb7 8. Bd3
Nbd7 9. Qd2 e5 10. dxe5 dxe5 11. Be3 Qe7 12. O-O c6 13. Rfd1 Rad8 14. Qc2 Nc5
15. Be2 Nh5 16. Bg5 f6 17. Be3 Ne6 18. Rxd8 Rxd8 19. Rd1 Bf8 20. Qa4 Ra8 21. Rd2
Qg7 22. Qd1 Be7 23. c5 b5 24. b4 a5 25. bxa5 Qf8 26. Qb3 Bc8 27. a4 b4 28. Qxb4
Bxc5 29. Bxc5 Qxc5 30. Qb3 Kg7 31. Bc4 Nd4 32. Nxd4 exd4 33. Ne2 Qxa5 34. Rxd4
Qe1+ 35. Kh2 Qxf2 36. Qb6 Kh6 37. Qxc6 Nf4 38. Nxf4 Qxf4+ 39. Kh1 Rb8 40. Bb5
Bxh3 41. Qd6 Qf2 42. gxh3 Rc8 43. Rc4 Qf1+ 44. Kh2 Qe2+ 45. Kg1 Qe1+ 46. Kg2
Rxc4 47. Qf4+ Kg7 48. Bxc4 g5 49. Qf3 Qd2+ 50. Qe2 Qc3 51. Qd3 Qb2+ 52. Qe2 Qc3
53. Bd5 Qb4 54. e5 f5 55. e6 Qd4 56. Bf3 Qxa4 57. e7 Qe8 58. Qe5+ Kg6 59. Qe6+
Kg7 60. Bc6 1-0

[Event "ch-CHN Women 2021"]
[Site "Xinghua CHN"]
[Date "2021.05.12"]
[Round "8.5"]
[White "Zhu, Jiner"]
[Black "Li, Xueyi"]
[Result "1-0"]
[WhiteTitle "WGM"]
[BlackTitle "WGM"]
[WhiteElo "2459"]
[BlackElo "2328"]
[WhiteFideId "8608059"]
[BlackFideId "8605912"]
[EventDate "2021.05.07"]

1. e4 c6 2. d4 d5 3. e5 Bf5 4. Nf3 e6 5. Be2 Ne7 6. O-O c5 7. c4 Nbc6 8. dxc5 d4
9. Qb3 Qd7 10. Rd1 Ng6 11. Nc3 f6 12. exf6 gxf6 13. Nd5 Kf7 14. g4 Be4 15. Nxf6
Kxf6 16. Ng5 Bf5 17. gxf5 exf5 18. Qh3 Re8 19. Bf3 Nce5 20. Bd5 h6 21. Nf3 Nxf3+
22. Qxf3 Bxc5 23. b4 Rhg8 24. Kh1 Bb6 25. Qh5 f4 26. Bxg8 Rxg8 27. Bb2 Ne5 28.
Qh4+ Rg5 29. Qxf4+ Kg7 30. Rxd4 Qh3 31. Qe4 Kf8 32. Rd6 Ng4 33. Rf6+ Nxf6 34.
Bxf6 Qf5 35. Qe7+ Kg8 36. Qe8+ Kh7 37. Qf7+ 1-0

[Event "ch-CHN Women 2021"]
[Site "Xinghua CHN"]
[Date "2021.05.12"]
[Round "8.6"]
[White "Wang, Yu A."]
[Black "Ning, Kaiyu"]
[Result "0-1"]
[WhiteTitle "IM"]
[BlackTitle "WIM"]
[WhiteElo "2294"]
[BlackElo "2327"]
[WhiteFideId "8601097"]
[BlackFideId "8614750"]
[EventDate "2021.05.07"]

1. e4 c5 2. Nf3 d6 3. d4 cxd4 4. Nxd4 Nf6 5. Nc3 a6 6. Bd3 e5 7. Nde2 Be7 8. O-O
Be6 9. Ng3 Nc6 10. a3 O-O 11. Nd5 Nxd5 12. exd5 Bxd5 13. Bxh7+ Kxh7 14. Qxd5 g6
15. Qd2 Rh8 16. f4 Kg7 17. h3 Qb6+ 18. Kh2 exf4 19. Rxf4 Ne5 20. Qe2 Bg5 21. Rb4
Qd8 22. Bxg5 Qxg5 23. Rf1 b5 24. Rbf4 f5 25. Qd1 Rad8 26. Qd4 Rd7 27. a4 Rc8 28.
axb5 axb5 29. Nxf5+ gxf5 30. Rxf5 Qe7 31. R1f3 Kg6 32. Rf2 Rc4 33. Qd2 Qh4 34.
g3 Qe7 35. Qd1 Kg7 36. Qh5 Ng6 37. Rxb5 Rdc7 38. Rg5 Qe6 39. c3 R4c5 40. Rxc5
Rxc5 41. Qf3 Re5 42. Qb7+ Kh6 43. Qg2 Re3 44. Qf1 Qe5 45. Rf3 Re1 46. Qg2 Nh4
47. Qd2+ Kg7 0-1

[Event "ch-CHN Women 2021"]
[Site "Xinghua CHN"]
[Date "2021.05.13"]
[Round "9.1"]
[White "Ning, Kaiyu"]
[Black "Gu, Tianlu"]
[Result "1/2-1/2"]
[WhiteTitle "WIM"]
[BlackTitle "WIM"]
[WhiteElo "2327"]
[BlackElo "2267"]
[WhiteFideId "8614750"]
[BlackFideId "8603995"]
[EventDate "2021.05.07"]

1. d4 Nf6 2. c4 e6 3. g3 d5 4. Bg2 Be7 5. Nf3 O-O 6. O-O b6 7. cxd5 exd5 8. Nc3
Bb7 9. Bf4 a6 10. Ne5 Re8 11. Qb3 Bf8 12. e4 c6 13. exd5 cxd5 14. Bg5 Ra7 15.
Rad1 b5 16. Bxf6 Qxf6 17. Nxd5 Qe6 18. Rfe1 Rd8 19. Nc3 Qxb3 20. axb3 Bxg2 21.
Kxg2 f6 22. Nf3 Kf7 23. Rc1 Bb4 24. Red1 Re7 25. h4 Rd6 26. Kf1 Re8 27. Ne2 Nc6
28. d5 Ne5 29. Rc7+ Kg8 30. Nxe5 Rxe5 31. Nf4 g5 32. hxg5 fxg5 33. Nh5 Kf8 34.
Rd4 a5 35. Rxh7 Rdxd5 36. Rxd5 Rxd5 37. Rb7 Rd3 38. Rxb5 Rxb3 39. Rxg5 Rxb2 40.
Nf4 a4 41. Nd3 Rb1+ 42. Ke2 Be7 43. Ra5 a3 44. Kd2 Rf1 45. Ra7 Bd6 46. Ke3 Rg1
47. Kf3 Rd1 48. Ke2 Rg1 49. Ra4 Bxg3 50. fxg3 Rxg3 51. Rxa3 Ke7 52. Ra6 Rh3 53.
Ne5 Rc3 54. Nd3 Rc4 55. Ke3 Rh4 56. Nf4 Kd7 57. Ke4 Rh1 58. Nd3 Rd1 59. Kd4 Ke7
60. Ke4 Rd2 61. Nf4 Rd1 62. Kf5 Rf1 63. Rh6 Kd7 64. Ra6 Ke7 65. Ra4 Kd7 66. Rc4
Ke7 67. Rd4 Rh1 68. Ng6+ Kf7 69. Rd7+ Kg8 70. Ke6 Re1+ 71. Ne5 Rf1 72. Ng4 Kf8
73. Rd5 Kg7 74. Rg5+ Kf8 75. Ne5 Re1 76. Rg2 Re3 77. Kf6 Re1 78. Rf2 Ke8 79. Rd2
Rf1+ 80. Ke6 Rh1 81. Rd3 Rh6+ 82. Kf5 Rh5+ 83. Kf6 Rh1 84. Rd7 Rh6+ 85. Kg5 Re6
86. Rd5 Ra6 87. Kf5 Ra1 88. Rc5 Ra6 89. Nc6 Ra1 90. Ke6 Kf8 91. Ne5 Ra6+ 92. Kf5
Ke7 93. Rd5 Rf6+ 94. Ke4 Ra6 95. Rb5 Ke6 96. Nf3 Ra1 97. Rb6+ Kd7 98. Nd4 Ra5
99. Rb7+ Kd6 1/2-1/2

[Event "ch-CHN Women 2021"]
[Site "Xinghua CHN"]
[Date "2021.05.13"]
[Round "9.2"]
[White "Li, Xueyi"]
[Black "Wang, Yu A."]
[Result "1-0"]
[WhiteTitle "WGM"]
[BlackTitle "IM"]
[WhiteElo "2328"]
[BlackElo "2294"]
[WhiteFideId "8605912"]
[BlackFideId "8601097"]
[EventDate "2021.05.07"]

1. d4 b6 2. c4 Bb7 3. Nc3 Nf6 4. Qc2 d5 5. cxd5 Nxd5 6. e4 Nxc3 7. bxc3 e6 8.
Nf3 Be7 9. Bb5+ c6 10. Bd3 O-O 11. e5 h6 12. Bh7+ Kh8 13. Be4 Qc8 14. h4 Nd7 15.
Bg5 f6 16. exf6 Bxf6 17. Be3 c5 18. Ng5 Bxg5 19. hxg5 cxd4 20. Bxb7 Qxb7 21.
Bxd4 e5 22. Be3 Qxg2 23. O-O-O Nc5 24. gxh6 g6 25. Rhg1 Qe4 26. Bxc5 Qxc2+ 27.
Kxc2 bxc5 28. Rxg6 Rxf2+ 29. Rd2 Raf8 30. Re6 Rxd2+ 31. Kxd2 Rf2+ 32. Kd3 Rxa2
33. Kc4 Kh7 34. Kxc5 Rc2 35. c4 a5 36. Rxe5 Kxh6 37. Re3 Kg6 38. Kd5 Kf6 39. c5
a4 40. Kd6 Rd2+ 41. Kc7 a3 42. Rxa3 Ke6 43. Ra6+ Ke7 44. Rh6 Rb2 45. c6 Rb1 46.
Kc8 Rc1 47. c7 Rb1 48. Rh2 Rb3 49. Re2+ Kf7 50. Re4 1-0

[Event "ch-CHN Women 2021"]
[Site "Xinghua CHN"]
[Date "2021.05.13"]
[Round "9.3"]
[White "Gu, Xiaobing"]
[Black "Zhu, Jiner"]
[Result "0-1"]
[WhiteTitle "WGM"]
[BlackTitle "WGM"]
[WhiteElo "2263"]
[BlackElo "2459"]
[WhiteFideId "8602611"]
[BlackFideId "8608059"]
[EventDate "2021.05.07"]

1. e4 c5 2. Nc3 Nc6 3. Bb5 Nd4 4. Bc4 e6 5. Nge2 Nf6 6. O-O a6 7. a4 Nxe4 8.
Nxe4 d5 9. Bd3 dxe4 10. Bxe4 Bd6 11. c3 Nxe2+ 12. Qxe2 O-O 13. d4 cxd4 14. cxd4
f5 15. Bb1 Qf6 16. Ba2 Re8 17. Rd1 Bd7 18. Qf3 Bc6 19. d5 Bxa4 20. Bb3 Bxb3 21.
Qxb3 b5 22. Bd2 Qe5 23. Qh3 exd5 24. Bc3 Qe4 25. Rd4 Qe6 26. Qd3 Rad8 27. Rxa6
Bxh2+ 28. Kxh2 Qxa6 29. Rxd5 Rxd5 30. Qxd5+ Qe6 31. Qxb5 Rd8 32. g3 h5 33. Qb7
Rd7 34. Qb8+ Kh7 35. Qf4 Qe4 36. Qxe4 fxe4 37. g4 h4 38. Kh3 g5 39. Ba5 Kg6 40.
Bb6 Rd3+ 41. Kg2 Rb3 42. Bd4 Kf7 43. Be3 Rxe3 44. fxe3 Ke6 0-1

[Event "ch-CHN Women 2021"]
[Site "Xinghua CHN"]
[Date "2021.05.13"]
[Round "9.4"]
[White "Song, Yuxin"]
[Black "Ren, Xiaoyi"]
[Result "1-0"]
[WhiteTitle "WIM"]
[BlackTitle "WIM"]
[WhiteElo "2290"]
[BlackElo "2267"]
[WhiteFideId "8614300"]
[BlackFideId "8608709"]
[EventDate "2021.05.07"]

1. e4 e5 2. Nf3 Nf6 3. d4 Nxe4 4. Bd3 d5 5. Nxe5 Be6 6. Nc3 Bb4 7. O-O Nxc3 8.
bxc3 Bxc3 9. Rb1 O-O 10. Bxh7+ Kxh7 11. Qd3+ Kg8 12. Qxc3 Nd7 13. Nxd7 Qxd7 14.
Rxb7 Rfb8 15. Rxc7 Rc8 16. Rc5 Rxc5 17. dxc5 d4 18. Qd3 Bf5 19. Qc4 Be6 20. Qa6
Rc8 21. Ba3 Bxa2 22. Rd1 Re8 23. h3 Bd5 24. Qd6 Qb7 25. c6 Bxc6 26. Qxd4 Bxg2
27. Bb2 f6 28. Qc4+ Kh8 29. Qh4+ Kg8 30. Bxf6 gxf6 31. Qg4+ Kf8 32. Qxg2 Qxg2+
33. Kxg2 Rc8 34. Ra1 Rc7 35. Ra2 Kf7 36. Kf3 Kg6 37. Ke3 Rc3+ 38. Kd4 Rxh3 39.
c4 Rh7 40. Kd5 Kf5 41. c5 Rd7+ 42. Kc6 Rd1 43. Kc7 Rc1 44. c6 Ke6 45. Re2+ 1-0

[Event "ch-CHN Women 2021"]
[Site "Xinghua CHN"]
[Date "2021.05.13"]
[Round "9.5"]
[White "Tan, Zhongyi"]
[Black "Yuan, Ye"]
[Result "1-0"]
[WhiteTitle "GM"]
[WhiteElo "2510"]
[BlackElo "2081"]
[WhiteFideId "8603642"]
[BlackFideId "8608415"]
[EventDate "2021.05.07"]

1. d4 Nf6 2. c4 g6 3. f3 d5 4. cxd5 Nxd5 5. e4 Nb6 6. Nc3 Bg7 7. Be3 O-O 8. Qd2
e5 9. d5 c6 10. h4 cxd5 11. exd5 N8d7 12. h5 Nf6 13. hxg6 fxg6 14. O-O-O Bd7 15.
d6 Rc8 16. Kb1 Na4 17. Nge2 Kh8 18. Ne4 Bf5 19. Ng3 Nxe4 20. Nxe4 Nc5 21. Bxc5
Bxe4+ 22. fxe4 Rxc5 23. Bd3 Rf6 24. Bc2 Rc4 25. Bb3 1-0

[Event "ch-CHN Women 2021"]
[Site "Xinghua CHN"]
[Date "2021.05.13"]
[Round "9.6"]
[White "Xiao, Yiyi"]
[Black "Zhai, Mo"]
[Result "1/2-1/2"]
[WhiteTitle "WGM"]
[BlackTitle "WGM"]
[WhiteElo "2301"]
[BlackElo "2366"]
[WhiteFideId "8606161"]
[BlackFideId "8600201"]
[EventDate "2021.05.07"]

1. Nf3 Nf6 2. d4 g6 3. g3 Bg7 4. Bg2 O-O 5. c4 c6 6. O-O d5 7. cxd5 cxd5 8. Ne5
Ne4 9. Nc3 Nxc3 10. bxc3 Nc6 11. Nxc6 bxc6 12. Qa4 Qb6 13. Ba3 Qa6 14. Qxa6 Bxa6
15. Rfb1 Rfb8 16. Bf1 Bf8 17. e3 Bxf1 18. Kxf1 e6 19. Bxf8 Kxf8 20. Rb3 Rb6 21.
Rab1 Rab8 22. Ke2 Ke7 23. Kd3 Rxb3 24. axb3 Rb6 25. Ra1 Rxb3 26. Rxa7+ Kf6 27.
Kc2 Rb5 28. Rc7 Ra5 29. Kb3 Rb5+ 30. Kc2 Ra5 31. Kb3 Rb5+ 32. Kc2 1/2-1/2

[Event "ch-CHN Women 2021"]
[Site "Xinghua CHN"]
[Date "2021.05.14"]
[Round "10.1"]
[White "Gu, Tianlu"]
[Black "Zhai, Mo"]
[Result "1/2-1/2"]
[WhiteTitle "WIM"]
[BlackTitle "WGM"]
[WhiteElo "2267"]
[BlackElo "2366"]
[WhiteFideId "8603995"]
[BlackFideId "8600201"]
[EventDate "2021.05.07"]

1. e4 Nf6 2. e5 Nd5 3. d4 d6 4. c4 Nb6 5. exd6 cxd6 6. Nc3 g6 7. Be3 Bg7 8. h3
O-O 9. Nf3 Nc6 10. Be2 d5 11. c5 Nc4 12. Bxc4 dxc4 13. Qa4 Nxd4 14. Nxd4 Bxd4
15. Rd1 Bxc3+ 16. bxc3 Qc7 17. Qxc4 Be6 18. Qe2 b6 19. Qb5 Rac8 20. cxb6 Qxc3+
21. Bd2 Qc2 22. O-O Bc4 23. Qe5 f6 24. Qxe7 Rce8 25. Qc7 Rf7 26. Qc6 Qe4 27.
Qxe4 Rxe4 28. bxa7 Rxa7 29. Rfe1 Rxe1+ 30. Bxe1 Bxa2 1/2-1/2

[Event "ch-CHN Women 2021"]
[Site "Xinghua CHN"]
[Date "2021.05.14"]
[Round "10.2"]
[White "Yuan, Ye"]
[Black "Xiao, Yiyi"]
[Result "0-1"]
[BlackTitle "WGM"]
[WhiteElo "2081"]
[BlackElo "2301"]
[WhiteFideId "8608415"]
[BlackFideId "8606161"]
[EventDate "2021.05.07"]

1. d4 Nf6 2. c4 b6 3. Nf3 Bb7 4. Nc3 g6 5. g3 Bg7 6. Bg2 O-O 7. O-O e6 8. d5
exd5 9. cxd5 Re8 10. Nd4 Na6 11. Bg5 h6 12. Bf4 Nc5 13. Rc1 a5 14. h3 d6 15.
Ndb5 Qd7 16. Be3 Rxe3 17. fxe3 Re8 18. b3 Rxe3 19. Rf3 Re5 20. Rf2 Rg5 21. g4 h5
22. Qd2 Nh7 23. Rcf1 f6 24. gxh5 Rxh5 25. Qf4 Qe7 26. Rf3 f5 27. Qg3 Rg5 28. Qf2
Nf6 29. Re3 Nfe4 30. Rc1 Ba6 31. Kf1 Qd7 32. Nxe4 fxe4 33. Bxe4 Nxe4 34. Qh4
Qf5+ 0-1

[Event "ch-CHN Women 2021"]
[Site "Xinghua CHN"]
[Date "2021.05.14"]
[Round "10.3"]
[White "Ren, Xiaoyi"]
[Black "Tan, Zhongyi"]
[Result "0-1"]
[WhiteTitle "WIM"]
[BlackTitle "GM"]
[WhiteElo "2267"]
[BlackElo "2510"]
[WhiteFideId "8608709"]
[BlackFideId "8603642"]
[EventDate "2021.05.07"]

1. d4 f5 2. Nf3 Nf6 3. g3 g6 4. Bg2 Bg7 5. c4 O-O 6. O-O d6 7. Nc3 c6 8. Qb3 e6
9. Re1 Ne4 10. Be3 d5 11. Rad1 Nd7 12. cxd5 cxd5 13. Nxe4 fxe4 14. Ng5 Nb6 15.
f3 h6 16. Nh3 Bd7 17. fxe4 Ba4 18. Qd3 Bxd1 19. Rxd1 Qe8 20. Bf3 g5 21. e5 Na4
22. Rb1 Rc8 23. Bg4 Qf7 24. Kh1 Rc6 25. Rg1 Nxb2 26. Qb1 Na4 27. Bxg5 Nc3 28.
Qd3 hxg5 29. Nxg5 Ne4 30. Nxf7 Nf2+ 31. Kg2 Nxd3 32. Ng5 Rf2+ 33. Kh3 Nb4 34. a3
Nc2 35. Bxe6+ Kf8 36. Bxd5 Rh6+ 0-1

[Event "ch-CHN Women 2021"]
[Site "Xinghua CHN"]
[Date "2021.05.14"]
[Round "10.4"]
[White "Zhu, Jiner"]
[Black "Song, Yuxin"]
[Result "0-1"]
[WhiteTitle "WGM"]
[BlackTitle "WIM"]
[WhiteElo "2459"]
[BlackElo "2290"]
[WhiteFideId "8608059"]
[BlackFideId "8614300"]
[EventDate "2021.05.07"]

1. e4 c5 2. Nf3 d6 3. d4 cxd4 4. Nxd4 Nf6 5. Nc3 a6 6. h3 e5 7. Nb3 Be6 8. f4
Nc6 9. g4 exf4 10. g5 Nd7 11. Bxf4 h6 12. Qd2 Nde5 13. O-O-O hxg5 14. Be3 Be7
15. Nd5 Bxd5 16. exd5 Nf3 17. Qf2 Nce5 18. Be2 Nh4 19. Bd4 Nhg6 20. Bg4 Bf6 21.
Rhe1 O-O 22. Bb6 Nxg4 23. hxg4 Qd7 24. Re4 Be5 25. Na5 f5 26. gxf5 Qxf5 27. Qxf5
Rxf5 28. c4 Rf4 29. Rxf4 Bxf4+ 30. Kb1 Ne5 31. Bd4 Nf3 32. Nxb7 Nxd4 33. Rxd4
Rb8 34. Na5 Be5 35. Re4 Rxb2+ 36. Kc1 Rxa2 37. Nb7 Bf4+ 38. Kb1 Rf2 39. c5 dxc5
40. Nxc5 Rd2 41. Nxa6 Rxd5 42. Nb4 Rd2 43. Nc2 Rf2 44. Nd4 Kf7 45. Ne2 Kf6 46.
Kc2 Kf5 47. Re7 Be5 48. Kd2 Rf3 49. Rf7+ Ke4 50. Ra7 Rd3+ 51. Ke1 Kf3 52. Ra2 g4
53. Ng1+ Kg3 54. Ne2+ Kh3 55. Ng1+ Kh4 56. Kf1 Bd4 57. Ne2 Rf3+ 58. Kg2 Rf2+ 59.
Kh1 Be3 60. Ra4 g5 61. Ra2 g3 0-1

[Event "ch-CHN Women 2021"]
[Site "Xinghua CHN"]
[Date "2021.05.14"]
[Round "10.5"]
[White "Wang, Yu A."]
[Black "Gu, Xiaobing"]
[Result "1-0"]
[WhiteTitle "IM"]
[BlackTitle "WGM"]
[WhiteElo "2294"]
[BlackElo "2263"]
[WhiteFideId "8601097"]
[BlackFideId "8602611"]
[EventDate "2021.05.07"]

1. e4 c5 2. Nf3 d6 3. d4 cxd4 4. Nxd4 Nf6 5. Nc3 a6 6. Bd3 e5 7. Nde2 Be7 8. O-O
O-O 9. Ng3 Be6 10. Nd5 Bxd5 11. exd5 g6 12. Bh6 Re8 13. c4 a5 14. b3 Nbd7 15.
Rc1 Bf8 16. Bg5 h6 17. Be3 Bg7 18. Bc2 h5 19. Bg5 Qb6 20. Be3 Qc7 21. h3 h4 22.
Ne2 Nh7 23. Nc3 Ndf8 24. c5 dxc5 25. d6 Qd7 26. Na4 Rad8 27. Nxc5 Qxd6 28. Qxd6
Rxd6 29. Nxb7 Ra6 30. Bd3 Raa8 31. Nd6 Red8 32. Be4 Ra6 33. Nb7 Rb8 34. Nc5 Rd6
35. Rfd1 Rxd1+ 36. Rxd1 Nf6 37. Bf3 Re8 38. Bc6 Rc8 39. Bb5 Nh5 40. Bc4 Nf4 41.
Nb7 Ra8 42. Rd8 Rxd8 43. Nxd8 N8e6 44. Bxe6 fxe6 45. Bxf4 exf4 46. Nxe6 Be5 47.
Kf1 Kf7 48. Ng5+ Ke7 49. Ke2 Bf6 50. Ne4 Bg7 51. Kf3 Be5 52. Nc5 Bc7 53. Ke4 Kf6
54. Nd3 g5 55. Nb2 Ke6 56. Nc4 Bd8 57. a3 Be7 58. Nxa5 Bxa3 59. Nc6 Kd6 60. Ne5
Ke6 61. Nd3 Bd6 62. f3 Bc7 63. b4 Bb6 64. Nc5+ 1-0

[Event "ch-CHN Women 2021"]
[Site "Xinghua CHN"]
[Date "2021.05.14"]
[Round "10.6"]
[White "Ning, Kaiyu"]
[Black "Li, Xueyi"]
[Result "1-0"]
[WhiteTitle "WIM"]
[BlackTitle "WGM"]
[WhiteElo "2327"]
[BlackElo "2328"]
[WhiteFideId "8614750"]
[BlackFideId "8605912"]
[EventDate "2021.05.07"]

1. d4 d5 2. c4 c6 3. Nf3 Nf6 4. e3 e6 5. b3 Ne4 6. Bd3 Bb4+ 7. Nbd2 Nd7 8. a3
Bc3 9. Rb1 Ba5 10. Qc2 f5 11. b4 Bc7 12. Bb2 O-O 13. Ne5 a5 14. Ndf3 axb4 15.
axb4 Qe7 16. c5 Nxe5 17. Nxe5 Bxe5 18. dxe5 b6 19. Bd4 bxc5 20. bxc5 Ba6 21.
Bxa6 Rxa6 22. O-O Rfa8 23. f3 Ng5 24. Rb2 h6 25. Qb1 Qd8 26. Rb6 Ra2 27. Rf2
Rxf2 28. Kxf2 Nf7 29. g3 Qc7 30. Bc3 Qa7 31. Rxc6 Qa3 32. Bd4 Ra4 33. Rb6 Rc4
34. Rb2 Ng5 35. Ra2 Qc1 36. Qxc1 Rxc1 37. h4 Nh7 38. Ra7 g5 39. h5 g4 40. f4 Nf8
41. Rc7 Rc2+ 42. Ke1 Rc1+ 43. Ke2 Rc2+ 44. Kd3 Rc4 45. c6 1-0

[Event "ch-CHN Women 2021"]
[Site "Xinghua CHN"]
[Date "2021.05.15"]
[Round "11.1"]
[White "Li, Xueyi"]
[Black "Gu, Tianlu"]
[Result "1-0"]
[WhiteTitle "WGM"]
[BlackTitle "WIM"]
[WhiteElo "2328"]
[BlackElo "2267"]
[WhiteFideId "8605912"]
[BlackFideId "8603995"]
[EventDate "2021.05.07"]

1. d4 Nf6 2. Nf3 e6 3. g3 b6 4. Bg2 Bb7 5. O-O c5 6. c3 d6 7. a4 Be7 8. a5 O-O
9. Nbd2 Qc7 10. Re1 Ne4 11. a6 Bc6 12. Qc2 Nxd2 13. Bxd2 Qc8 14. Qd3 f5 15. Bg5
Bxg5 16. Nxg5 Bxg2 17. Kxg2 h6 18. Nf3 c4 19. Qc2 Nxa6 20. e4 Nc7 21. exf5 Rxf5
22. Qe4 d5 23. Qe2 a5 24. Ne5 Qf8 25. f4 Qd6 26. Rf1 Raf8 27. Ng6 Re8 28. g4 Rf6
29. Ne5 Ref8 30. Qe3 Qd8 31. h4 Nb5 32. g5 Rf5 33. Rae1 Qe8 34. gxh6 Qh5 35.
hxg7 Kxg7 36. Rf3 Kh7 37. Rg3 Nd6 38. Rg5 Qh6 39. Ng4 Rxg5 40. hxg5 Qg6 41. Qe5
Qc2+ 42. Nf2 Nf7 43. Rh1+ Kg8 44. Qxe6 Kg7 45. Qf6+ Kg8 46. g6 Nh6 47. Qe6+ Kg7
48. Qe7+ 1-0

[Event "ch-CHN Women 2021"]
[Site "Xinghua CHN"]
[Date "2021.05.15"]
[Round "11.2"]
[White "Gu, Xiaobing"]
[Black "Ning, Kaiyu"]
[Result "0-1"]
[WhiteTitle "WGM"]
[BlackTitle "WIM"]
[WhiteElo "2263"]
[BlackElo "2327"]
[WhiteFideId "8602611"]
[BlackFideId "8614750"]
[EventDate "2021.05.07"]

1. e4 c5 2. Nf3 d6 3. d4 cxd4 4. Nxd4 Nf6 5. Nc3 a6 6. Be3 e5 7. Nb3 Be6 8. f3
h5 9. Nd5 Bxd5 10. exd5 Nbd7 11. Qd2 g6 12. Be2 Bg7 13. O-O b6 14. a4 Qc7 15. a5
b5 16. Rfd1 O-O 17. Rac1 Qb7 18. Bf2 Rac8 19. Bf1 Rfe8 20. g3 e4 21. f4 e3 22.
Bxe3 Ne4 23. Qb4 Bxb2 24. c4 Bxc1 25. Bxc1 Qa7+ 26. Nd4 bxc4 27. Bxc4 Rb8 28.
Qa3 Nef6 29. Kg2 Qc5 30. Qxc5 Nxc5 31. Ba3 Ng4 32. Rc1 Re4 33. Bxc5 dxc5 34. Nc6
Rb2+ 35. Kg1 Rxc4 0-1

[Event "ch-CHN Women 2021"]
[Site "Xinghua CHN"]
[Date "2021.05.15"]
[Round "11.3"]
[White "Song, Yuxin"]
[Black "Wang, Yu A."]
[Result "1/2-1/2"]
[WhiteTitle "WIM"]
[BlackTitle "IM"]
[WhiteElo "2290"]
[BlackElo "2294"]
[WhiteFideId "8614300"]
[BlackFideId "8601097"]
[EventDate "2021.05.07"]

1. e4 e5 2. Nf3 Nc6 3. Bb5 a6 4. Ba4 Nf6 5. d3 b5 6. Bb3 Be7 7. O-O d6 8. a3 O-O
9. Nc3 Bg4 10. Be3 Na5 11. Ba2 c5 12. Nd5 Nc6 13. c3 a5 14. h3 Be6 15. a4 bxa4
16. Qxa4 Bd7 17. Qc2 a4 18. Nd2 Na5 19. f4 exf4 20. Nxe7+ Qxe7 21. Bxf4 Nh5 22.
Be3 Kh8 23. g4 f5 24. gxh5 f4 25. Bxf4 Rxf4 26. Rxf4 Qg5+ 27. Rg4 Bxg4 28. hxg4
Qxg4+ 29. Kh2 Qh4+ 30. Kg2 Qg4+ 31. Kh2 Qh4+ 32. Kg2 Qg4+ 1/2-1/2